Zločin slečny Bacilpýšky - detský film prístupný aj pre dospelých

Bibliographic Details
Other Authors: Du-Do
Format: Photo
Language:Slovak
PhysicalDescription:1 plagát farebný 86 x 59 cm
Published: Bratislava Slovenský film 1970
Subjects:

MARC

LEADER 00000nkm a2200000 a 4500
001 vtls011579139
003 SK-MaSNL
005 20260426000138.0
007 kf bo
008 240409s1997 xo g kuslo
035 |a urn:nbn:sk:snk-km00bzye 
035 |a urn:nbn:sk:snk-km3lp5g 
035 |a 1F82E21B-F08F-4044-95BF-0B493EC87BEE 
040 |a SNK  |b slo  |c SNK  |e AACR2 
041 0 |a slo 
043 |a e-xo--- 
044 |a xo  |c SK 
072 7 |a 394  |x Verejný a spoločenský život. Každodenný život  |2 konspekt 
072 7 |a 929  |x Biografie  |2 konspekt 
080 |a 394.46  |2 2011 
080 |a (084.5)  |2 2011 
080 |a 929  |2 2011 
245 0 0 |a Zločin slečny Bacilpýšky - detský film prístupný aj pre dospelých 
260 |a Bratislava  |b Slovenský film  |c 1970 
300 |a 1 plagát  |b farebný  |c 86 x 59 cm 
648 7 |a 1896-1996  |2 SNKPH  |9 286313 
650 0 7 |a kinematografia  |2 SNKPH  |9 3169 
651 7 |a Slovensko  |2 SNKPH  |9 14231 
655 7 |a plagáty  |2 SNKPH  |9 70571 
700 1 |a Du-Do  |9 424161 
852 |a Slovenská národná knižnica v Martine 
958 |a CP 
958 |a GBN 
999 |c 847608  |d 849538 
952 |a SNKLM  |b SNKLM  |y PREZ  |7 0  |p 17A1201239  |o snklm L 652  |8 7  |0 0  |1 0  |4 0  |d 2016-09-13  |f 1  |l 0  |r 2026-02-24 04:31:50  |w 2026-02-24